| 000 | 00589nam a2200193Ia 4500 | ||
|---|---|---|---|
| 003 | GCL | ||
| 008 | 140319s9999 xx 000 0 ara d | ||
| 040 |
_aGCL / _cGCL |
||
| 082 | 0 | 4 |
_a301.34 _bا د |
| 100 | 1 | _aاسماعيل على سعد | |
| 245 | 1 | 0 |
_aدراسات فى المجتمع والسياسة / _cاسماعيل على سعد |
| 300 | _a257 ص | ||
| 490 |
_aفى السياسة والمجتمع _v0 |
||
| 650 | 0 | 4 | _aالمجتمع |
| 650 | 0 | 4 | _aالاجتماع |
| 650 | 0 | 4 | _aالحرب والمجتمع |
| 650 | 0 | 4 | _aالحركات الاجتماعية |
| 942 |
_2ddc _cBK |
||
| 999 |
_c45998 _d45998 |
||